000 00581cam a22002053a 4500
001 41662
003 PGUSA
005 20140828083936.0
008 121219s2012||||xxu|||||s|||||000 | eng d
040 _aPGUSA
_beng
042 _adc
100 1 _aKjelgaard, Jim,
_d1910-1959
245 1 4 _aThe Spell of the White Sturgeon
_h[electronic resource] /
_cJim Kjelgaard
260 _bProject Gutenberg,
_c2012
506 _aPublic domain in the USA.
516 _aElectronic text
830 0 _aProject Gutenberg
_v41662
856 4 0 _uhttp://www.gutenberg.org/ebooks/41662
942 _cEB
999 _c270914
_d270914